00362nam a22001337a 450000500170000000800410001704100130005808200120007110000130008324500430009626000350013930000290017465000250020320240502094036.0240502b |||||||| |||| 00| 0 eng d aEnglish  a349 LAW lEnglish  aThe Law Reports: King's Bench Division aLondon: bTHE COUNCIL, c1922  bxxv,790 pages; c25 cm.  aLegal practice bLaw